Saul and Jonathan. (Record no. 3756)

000 -LEADER
fixed length control field 00741nam a2200229 a 4500
001 - CONTROL NUMBER
control field :::00001491$&:&@@
003 - CONTROL NUMBER IDENTIFIER
control field OkBaRHE
005 - DATE AND TIME OF LATEST TRANSACTION
control field 20000607103244.0
008 - FIXED-LENGTH DATA ELEMENTS--GENERAL INFORMATION
fixed length control field s1965 j 000 0 eng u
040 ## - CATALOGING SOURCE
Transcribing agency
100 1# - MAIN ENTRY--PERSONAL NAME
Personal name Lindsay, Gordon.
245 10 - TITLE STATEMENT
Title Saul and Jonathan.
260 ## - PUBLICATION, DISTRIBUTION, ETC. (IMPRINT)
Place of publication, distribution, etc Dallas, TX.,
Name of publisher, distributor, etc Christ For The Nations
Date of publication, distribution, etc c1965
300 ## - PHYSICAL DESCRIPTION
Extent 32 p. ;
Dimensions 23 cm.
490 0# - SERIES STATEMENT
Series statement Through the Bible series, vol. 19.
650 ## - SUBJECT ADDED ENTRY--TOPICAL TERM
Topical term or geographic name as entry element Bible Old Testament I Samuel
650 ## - SUBJECT ADDED ENTRY--TOPICAL TERM
Topical term or geographic name as entry element Jonathan.
650 ## - SUBJECT ADDED ENTRY--TOPICAL TERM
Topical term or geographic name as entry element Saul.
942 ## - ADDED ENTRY ELEMENTS (KOHA)
Source of classification or shelving scheme
Koha item type Books
Copies
Lost status Withdrawn status Barcode Shelving location Date last seen Full call number Price effective from Permanent Location Source of classification or shelving scheme Not for loan Copy number Koha item type Damaged status Date acquired
  1491General Stacks2018-03-12BS 580 .S3L512010-04-14RHEMA Bible Training College  1Books 2010-04-14
  16960General Stacks2018-03-12BS 580 .S3L512010-04-14RHEMA Bible Training College  2Books 2010-04-14